<?xml version="1.0" encoding="UTF-8"?>
<record
    xmlns:xsi="http://www.w3.org/2001/XMLSchema-instance"
    xsi:schemaLocation="http://www.loc.gov/MARC21/slim http://www.loc.gov/standards/marcxml/schema/MARC21slim.xsd"
    xmlns="http://www.loc.gov/MARC21/slim">

  <leader>00506    a2200169   4500</leader>
  <datafield tag="952" ind1=" " ind2=" ">
    <subfield code="0">0</subfield>
    <subfield code="1">0</subfield>
    <subfield code="2">ddc</subfield>
    <subfield code="4">0</subfield>
    <subfield code="7">0</subfield>
    <subfield code="8">TOURISM</subfield>
    <subfield code="a">MES</subfield>
    <subfield code="b">MES</subfield>
    <subfield code="c">TOURISM </subfield>
    <subfield code="d">2022-11-14</subfield>
    <subfield code="e">55</subfield>
    <subfield code="g">337.50</subfield>
    <subfield code="l">0</subfield>
    <subfield code="o">658.802 GAU/E</subfield>
    <subfield code="p">42013</subfield>
    <subfield code="r">2022-11-14 00:00:00</subfield>
    <subfield code="t">3</subfield>
    <subfield code="v">450.00</subfield>
    <subfield code="w">2022-11-14</subfield>
    <subfield code="y">BK</subfield>
    <subfield code="z">U2R4</subfield>
  </datafield>
  <datafield tag="952" ind1=" " ind2=" ">
    <subfield code="0">0</subfield>
    <subfield code="1">0</subfield>
    <subfield code="2">ddc</subfield>
    <subfield code="4">0</subfield>
    <subfield code="7">0</subfield>
    <subfield code="8">TOURISM</subfield>
    <subfield code="a">MES</subfield>
    <subfield code="b">MES</subfield>
    <subfield code="c">TOURISM </subfield>
    <subfield code="d">2022-11-14</subfield>
    <subfield code="e">55</subfield>
    <subfield code="g">337.50</subfield>
    <subfield code="l">0</subfield>
    <subfield code="o">658.802 GAU/E</subfield>
    <subfield code="p">42011</subfield>
    <subfield code="r">2022-11-14 00:00:00</subfield>
    <subfield code="t">1</subfield>
    <subfield code="v">450.00</subfield>
    <subfield code="w">2022-11-14</subfield>
    <subfield code="y">BK</subfield>
    <subfield code="z">U2R4</subfield>
  </datafield>
  <datafield tag="952" ind1=" " ind2=" ">
    <subfield code="0">0</subfield>
    <subfield code="1">0</subfield>
    <subfield code="2">ddc</subfield>
    <subfield code="4">0</subfield>
    <subfield code="7">0</subfield>
    <subfield code="8">TOURISM</subfield>
    <subfield code="a">MES</subfield>
    <subfield code="b">MES</subfield>
    <subfield code="c">TOURISM </subfield>
    <subfield code="d">2022-11-14</subfield>
    <subfield code="e">55</subfield>
    <subfield code="g">337.50</subfield>
    <subfield code="l">3</subfield>
    <subfield code="m">4</subfield>
    <subfield code="o">658.802 GAU/E</subfield>
    <subfield code="p">42012</subfield>
    <subfield code="r">2024-09-23 09:38:58</subfield>
    <subfield code="s">2024-09-02</subfield>
    <subfield code="t">2</subfield>
    <subfield code="v">450.00</subfield>
    <subfield code="w">2022-11-14</subfield>
    <subfield code="y">BK</subfield>
    <subfield code="z">U2R4</subfield>
  </datafield>
  <datafield tag="999" ind1=" " ind2=" ">
    <subfield code="c">41812</subfield>
    <subfield code="d">41812</subfield>
  </datafield>
  <controlfield tag="003">OSt</controlfield>
  <controlfield tag="005">20221114110610.0</controlfield>
  <controlfield tag="008">221114b           ||||| |||| 00| 0 eng d</controlfield>
  <datafield tag="020" ind1=" " ind2=" ">
    <subfield code="a">9788125914495</subfield>
  </datafield>
  <datafield tag="040" ind1=" " ind2=" ">
    <subfield code="c">oclc</subfield>
  </datafield>
  <datafield tag="082" ind1=" " ind2=" ">
    <subfield code="a">658.802</subfield>
    <subfield code="b">GAU/E</subfield>
  </datafield>
  <datafield tag="100" ind1=" " ind2=" ">
    <subfield code="9">1097</subfield>
    <subfield code="a">Gaur, Sanjaya Singh</subfield>
  </datafield>
  <datafield tag="245" ind1=" " ind2=" ">
    <subfield code="a">Event marketing and management /</subfield>
    <subfield code="c">Sanjaya Singh Gaur</subfield>
  </datafield>
  <datafield tag="260" ind1=" " ind2=" ">
    <subfield code="a">Noida:</subfield>
    <subfield code="b">Vikas publishing house,</subfield>
    <subfield code="c">2021.</subfield>
  </datafield>
  <datafield tag="300" ind1=" " ind2=" ">
    <subfield code="a">243 p</subfield>
  </datafield>
  <datafield tag="942" ind1=" " ind2=" ">
    <subfield code="2">ddc</subfield>
    <subfield code="c">BK</subfield>
    <subfield code="h">658.802</subfield>
    <subfield code="i">GAU/E</subfield>
    <subfield code="k">658.802</subfield>
    <subfield code="m">GAU/E</subfield>
  </datafield>
</record>
